000 00270nam a22001217a 4500
008 170414b xxu||||| |||| 00| 0 eng d
041 _aeng
080 _a618
100 _a10
101 _aSHM
245 _aTHE TRANSCENDENCE OF THE EGO
_cSARTER.J.P
942 _2udc
_cBK
999 _c10871
_d10871